Central Library OPAC University of Rajshahi

Role of biotechnology in medicinal and aromatic plants / (Record no. 37380)

MARC details
000 -LEADER
fixed length control field 00758nam a2200241 4500
001 - CONTROL NUMBER
control field 37380
003 - CONTROL NUMBER IDENTIFIER
rucl marc code BD-RjUL
005 - DATE AND TIME OF LATEST TRANSACTION
control field 20211209052614.0
008 - FIXED-LENGTH DATA ELEMENTS--GENERAL INFORMATION
fixed length control field 141207s2 ii a|||| |||| 00| 0 eng d
020 ## - INTERNATIONAL STANDARD BOOK NUMBER
International Standard Book Number 8188279145
035 ## - SYSTEM CONTROL NUMBER
System control number (BD-RjUL)37483
040 ## - CATALOGING SOURCE
Original cataloging agency BD-RjUL
Language of cataloging eng
Transcribing agency BD-RjUL
041 ## - LANGUAGE CODE
Language code of text/sound track or separate title eng
082 ## - DEWEY DECIMAL CLASSIFICATION NUMBER
Edition number 21
Classification number 631.5233
Author mark and year ROL 2004
245 ## - TITLE STATEMENT
Title Role of biotechnology in medicinal and aromatic plants /
Statement of responsibility, etc. editors, Irfan Ali Khan and Atiya Khanum.
Number of part/section of a work Vol. 11
260 ## - PUBLICATION, DISTRIBUTION, ETC. (IMPRINT)
Place of publication, distribution, etc. Hyderabad :
Name of publisher, distributor, etc. Andhra Pradesh Ukaaz Publications
Date of publication, distribution, etc. 2004.
300 ## - PHYSICAL DESCRIPTION
Pagination 295 p.
Illustrations ill.
Size 22 cm.
650 ## - SUBJECT ADDED ENTRY--TOPICAL TERM
Topical term or geographic name as entry element Plant biotechnology.
9 (RLIN) 114608
Topical term or geographic name as entry element Medicinal plants.
9 (RLIN) 114518
700 ## - ADDED ENTRY--PERSONAL NAME
Personal name Khan, Irfan Ali
Personal name Khanum, Atiya
942 ## - ADDED ENTRY ELEMENTS (KOHA)
Source of classification or shelving scheme Dewey Decimal Classification
Koha item type Books
Holdings
Lost status Source of classification or shelving scheme Damaged status Not for loan Collection code Permanent Location Current Location Shelving location Date acquired Cost, normal purchase price Total Checkouts Full call number Date last seen Copy number Koha item type
  Dewey Decimal Classification   Not For Loan Non-fiction Institute of Biological Sciences (IBSc) Library Institute of Biological Sciences (IBSc) Library   07/12/2014 2071.00   631.5233 ROL 2004 07/12/2014 C-1 Books